| 000 | 00643nam a2200169Ia 4500 | ||
|---|---|---|---|
| 003 | GCL | ||
| 008 | 140319s9999 xx 000 0 ara d | ||
| 040 |
_aGCL / _cGCL |
||
| 082 | 0 | 4 |
_a327.11 _bم ن |
| 100 | 1 | _aمركز البحوث والدراسات بالدار ا | |
| 245 | 1 | 0 |
_aنفط000ودماء بالوثائق الملفات السرية لازمة الخليج / _cمركز البحوث والدراسات بالدار ا |
| 260 |
_a[S.N] : _bالدار الشرقية ، _c1990 |
||
| 490 | _a | ||
| 650 | 0 | 4 | _aالعراق - حزب البعث العربى الاشتراكى |
| 650 | 0 | 4 | _aازمة الخليج |
| 942 |
_2ddc _cBK |
||
| 999 |
_c44718 _d44718 |
||